Europe and Israel Troubled Neighbours
Na minha lista:
| Outros Autores: | , |
|---|---|
| Formato: | Livro |
| Idioma: | inglês |
| Publicado em: |
Berlin
Gruyter
1988
|
| Edição: | 1. ed. |
| Assuntos: | |
| Tags: |
Sem tags, seja o primeiro a adicionar uma tag!
|
MARC
| LEADER | 00000nam a2200000 4500 | ||
|---|---|---|---|
| 001 | c000750 | ||
| 005 | 20221219121042.4 | ||
| 020 | |a 3-11-009713-3 | ||
| 041 | 0 | |a eng | |
| 044 | |a DE | ||
| 245 | 1 | 0 | |a Europe and Israel |b Troubled Neighbours |c Edit. Ilan Greilsammer, Joseph H.H. Weiler |
| 250 | |a 1. ed. | ||
| 264 | 1 | |a Berlin |b Gruyter |c 1988 | |
| 300 | |a 354 s. | ||
| 610 | 2 | 0 | |a Európa |
| 610 | 2 | 0 | |a Izrael |
| 610 | 2 | 0 | |a vzťahy hospodárske medzinárodné |
| 610 | 2 | 0 | |a vzťahy hospodárske vonkajšie |
| 610 | 2 | 0 | |a 1945-1987 |
| 610 | 2 | 0 | |a obchod zahraničný |
| 610 | 2 | 0 | |a Európske spoločenstvá |
| 610 | 2 | 0 | |a trh medzinárodný |
| 610 | 2 | 0 | |a dohody obchodné medzinárodné |
| 610 | 2 | 0 | |a EEC |
| 610 | 2 | 0 | |a politika |
| 700 | 1 | |a Greilsammer, Ilan | |
| 700 | 1 | |a Weiler, Joseph H.H. | |